[Event "1. Bamberg-Open 2018"]
[Site "Bamberg"]
[Date "2018.05.12"]
[Round "6"]
[White "Hoffmann, Sebastian"]
[Black "Schulz, Karsten"]
[Result "0-1"]
[WhiteElo "2130"]
[BlackElo "2246"]
[Annotator "NA"]
[PlyCount "66"]
[EventDate "2018.??.??"]
[EventType "swiss"]
[EventCountry "GER"]
[SourceTitle "playchess.com"]
[Source "ChessBase"]
[SourceQuality "1"]
[TimeControl "40/5400+30:900+30"]

1. e4 {[%emt 0:00:00]} e6 {[%emt 0:00:19]} 2. Qe2 {[%emt 0:00:00]} b6 {[%emt 0:00:40]} 3. Nf3 {[%emt 0:00:20]} Bb7 {[%emt 0:00:08] C00: French: Unusual White 2nd moves} (3... c5 4. g3 Bb7 5. Bg2 Nf6 6. d3 d5 7. e5 Nfd7 8. O-O Nc6 9. c4 d4 10. Re1 Be7 11. h4 {0-1 (46) Gutierrez Olivares,D (2336)-Larino Nieto,D (2491) Las Palmas 2017}) 4. g3 {[%emt 0:00:27]} g6 {[%emt 0:00:13]} 5. Bg2 {[%emt 0:00:18]} Bg7 {[%emt 0:00:08]} 6. d4 {[%emt 0:00:47]} d6 $146 {[%emt 0:00:09]} ({Predecessor:} 6... Ne7 7. h4 O-O 8. h5 d5 9. hxg6 hxg6 10. e5 c5 11. Bg5 {1-0 (11) Sternik,R (1756)-Simoni,P (1800) FICGS email 2011}) 7. O-O {[%emt 0:00:37]} Nd7 {[%emt 0:00:12]} 8. c4 {[%emt 0:02:15]} Ne7 {[%emt 0:01:47]} 9. Nc3 {[%emt 0:00:32]} O-O {[%emt 0:00:07]} 10. h3 {[%emt 0:02:50]} a6 {[%emt 0:03:32]} 11. Be3 {[%emt 0:04:30]} b5 {[%emt 0:03:42]} 12. cxb5 {[%emt 0:11:01]} axb5 {[%emt 0:01:40]} 13. Qd2 {[%emt 0:13:23]} (13. a3 $11 {keeps the balance.}) 13... b4 {[%emt 0:00:54]} 14. Ne2 {[%emt 0:01:03]} Bxe4 {[%emt 0:00:19]} 15. Qxb4 {[%emt 0:00:25]} Nd5 {[%emt 0:01:31]} 16. Qd2 {[%emt 0:00:34]} Nxe3 {[%emt 0:00:17]} 17. Qxe3 {[%emt 0:02:25]} Nf6 {[%emt 0:00:36]} ({Black should try} 17... Bb7 $17 18. Ng5 Bxg2 19. Kxg2 c5) 18. Nc3 {[%emt 0:01:29]} Bb7 {[%emt 0:00:28]} 19. Rfc1 {[%emt 0:11:03]} Qe7 {[%emt 0:01:47]} 20. b4 {[%emt 0:07:15]} Rfb8 {[%emt 0:06:53]} 21. a4 {[%emt 0:01:03]} Qd7 {[%emt 0:02:48]} 22. b5 {[%emt 0:02:43]} Nd5 {[%emt 0:03:17]} 23. Nxd5 {[%emt 0:01:02]} Bxd5 {[%emt 0:00:07]} 24. Ne1 {[%emt 0:02:18]} Bxg2 {[%emt 0:00:43]} 25. Kxg2 {[%emt 0:00:21]} Rb7 {[%emt 0:06:23]} 26. Rc6 {[%emt 0:11:27] [#]} Rxb5 $1 {[%emt 0:02:55]} 27. Rac1 {[%emt 0:04:05]} ({Only move:} 27. axb5 $15 Rxa1 28. Nf3) 27... Rc5 {[%emt 0:01:58]} 28. Rxd6 {[%emt 0:04:30]} cxd6 {[%emt 0:01:01]} 29. dxc5 {[%emt 0:00:07]} dxc5 {[%emt 0:00:49]} 30. Qxc5 {[%emt 0:01:10]} Qxa4 {[%emt 0:00:25]} 31. Qe7 {[%emt 0:02:05]} Qe4+ {[%emt 0:00:59]} 32. Kh2 {[%emt 0:01:30]} Bd4 {[%emt 0:02:14]} 33. Rc4 {[%emt 0:09:02]} Qxe1 {[%emt 0:00:42]} 0-1

[Event "1. Bamberg-Open 2018"]
[Site "Bamberg"]
[Date "2018.05.12"]
[Round "6"]
[White "Meulner, Klaus"]
[Black "Pribyl, Josef"]
[Result "1/2-1/2"]
[WhiteElo "2120"]
[BlackElo "2268"]
[Annotator "TA"]
[PlyCount "79"]
[EventDate "2018.??.??"]
[EventType "swiss"]
[EventCountry "GER"]
[SourceTitle "playchess.com"]
[Source "ChessBase"]
[SourceQuality "1"]

{[%evp 24,79,59,54,112,106,119,82,81,41,73,57,245,249,233,253,250,233,267,281,263,261,324,329,343,263,272,251,251,251,251,259,262,262,259,241,340,344,308,245,247,178,212,174,199,123,111,73,91,0,3,4,8,0,0,0,0,0]} 1. Nf3 Nf6 2. c4 e6 3. g3 d5 4. Bg2 c5 5. cxd5 exd5 6. d4 Nc6 7. O-O Be6 8. Nc3 Be7 9. dxc5 Bxc5 10. a3 h6 11. b4 Bb6 12. Na4 O-O 13. Bb2 {LiveBook: 5 Games. D30: Queen's Gambit Declined: Systems without Nc3} Bc7 ({Black should play} 13... Ne4 $14) (13... Ne4 14. Qd3 Bc7 15. Rac1 Rc8 16. b5 Na5 17. Nd4 Nf6 18. Nxe6 fxe6 19. Nc5 Re8 20. Bh3 Kf7 21. Bxf6 Qxf6 22. Nxe6 Rxe6 23. Qxd5 Ke7 24. Rfd1 Rd6 25. Qe4+ Kd8 26. Rxd6+ Qxd6 27. Qc2 {1-0 (27) Grigoriants,S (2579)-Rzayev,B (2411) Legnica 2013}) 14. Nc5 $16 Nd7 $146 ({Predecessor:} 14... Rb8 15. Rc1 Bd6 16. Nxb7 Rxb7 17. Rxc6 Be7 18. Ra6 Qc7 19. Ne5 Rb6 20. Rxb6 axb6 {1-0 (34) Cosma,E (2324)-Anghel,M (1682) Braila 2016}) 15. Nxe6 {White is better.} fxe6 16. Bh3 Qe8 17. Rc1 {Black must now prevent b5.} a6 $2 {[#]} (17... Bb6 $1 $14) 18. Nd4 $1 $18 {[%cal Rd4e6]} Nxd4 19. Rxc7 Nb5 20. Rxb7 Rf7 21. e4 d4 22. Qb3 ({Less strong is} 22. Bxd4 Rd8 $16) 22... Nf8 23. Rxf7 Kxf7 24. a4 Nc3 25. Bxc3 dxc3 26. Qxc3 Qxa4 27. Ra1 Qd7 28. Bf1 Qb7 29. Qc4 Nd7 (29... Qb6 $142 30. Kg2 Ra7) 30. e5 Nb6 31. Qd4 Nd5 32. Bg2 Rd8 33. Qc4 Qb8 34. Bxd5 (34. Rxa6 $18 {Strongly threatening Bh3.} Qxe5 35. Bf1) 34... Rxd5 $16 35. Qxa6 Qxb4 $18 {KQR-KQR} 36. Qa8 (36. Qa7+ $16 Kg8 37. Qe3) 36... Rxe5 {The position is equal.} 37. Ra7+ Kg6 38. Ra4 Qb1+ 39. Kg2 Qd1 40. Rf4 {Precision: White = 51%, Black = 66%.} 1/2-1/2

[Event "1. Bamberg-Open 2018"]
[Site "Bamberg"]
[Date "2018.05.12"]
[Round "6"]
[White "Korolev, Alexandr"]
[Black "Loew, Gerald"]
[Result "1/2-1/2"]
[WhiteElo "2071"]
[BlackElo "2202"]
[Annotator "NA"]
[PlyCount "64"]
[EventDate "2018.??.??"]
[EventType "swiss"]
[EventCountry "GER"]
[SourceTitle "playchess.com"]
[Source "ChessBase"]
[SourceQuality "1"]
[TimeControl "40/5400+30:900+30"]

{[%evp 9,63,34,28,27,27,21,32767,32767,32767,32767,32767,27,32767,-7,-5,32767,32767,-26,-32,32767,-17,-5,-18,32767,-6,-27,4,-25,32767,-84,32767,-84,32767,-52,-56,-64,32767,-61,-37,32767,-47,32767,-34,-32,32767,32767,-38,32767,32767,32767,32767,32767,32767,32767,32767,-39]} 1. e4 {[%emt 0:02:09]} d6 {[%emt 0:00:14]} 2. d4 {[%emt 0:01:04]} Nf6 {[%emt 0:00:08]} 3. Nc3 {[%emt 0:00:45]} e5 {[%emt 0:00:21]} 4. Nf3 {[%emt 0:00:20]} Nbd7 {[%emt 0:00:22]} 5. Be2 {[%emt 0:02:01]} Be7 {[%emt 0:00:26]} 6. O-O {[%emt 0:00:08]} c6 {[%emt 0:01:24] C41: Philidor Defence} 7. a4 {[%emt 0:00:10] LiveBook: 32 Games} a5 {[%emt 0:02:26]} (7... O-O 8. Re1 Qc7 9. Bf1 Re8 10. h3 Nf8 11. a5 Ng6 12. Be3 Bd7 13. Bc4 h6 14. d5 c5 15. Bf1 Rf8 16. Qb1 {½-½ (73) Zvjaginsev,V (2660)-Kunin,V (2556) Berlin 2015}) 8. Re1 {[%emt 0:00:07]} Qc7 {[%emt 0:00:33]} 9. Bf1 {[%emt 0:00:09]} h6 {[%emt 0:01:41]} 10. g3 $146 {[%emt 0:06:20]} ({Predecessor:} 10. b3 Nf8 11. h3 Rg8 12. Bb2 Ng6 13. Qd2 Be6 14. Ba3 {1-0 (33) Kupfer,M (2133)-Roomer,P (1700) Goch 2009}) 10... g5 {[%emt 0:02:03]} 11. dxe5 {[%emt 0:03:27]} (11. Bg2 $16) 11... dxe5 {[%emt 0:00:19]} 12. Nd2 {[%emt 0:00:20]} Nb6 {[%emt 0:12:50]} 13. Nb3 {[%emt 0:02:04]} Be6 {[%emt 0:08:18]} 14. Bd3 {[%emt 0:00:05]} Nbd7 {[%emt 0:05:53]} 15. Qe2 {[%emt 0:01:36]} Nc5 {[%emt 0:08:39]} 16. Nxc5 {[%emt 0:01:43]} Bxc5 {[%emt 0:00:08]} 17. Be3 {[%emt 0:02:37]} Qb6 {[%emt 0:03:18]} 18. Bxc5 {[%emt 0:01:13]} Qxc5 {[%emt 0:00:06]} 19. Qe3 {[%emt 0:02:10]} (19. Nd1 $11 {remains equal.}) 19... Qxe3 {[%emt 0:04:22]} 20. Rxe3 {[%emt 0:00:20]} Ke7 {[%emt 0:06:33]} 21. Be2 {[%emt 0:03:14]} h5 {[%emt 0:01:30]} 22. f3 {[%emt 0:02:38]} h4 {[%emt 0:04:18]} 23. Kg2 {[%emt 0:01:06]} Rh6 {[%emt 0:05:24]} 24. g4 {[%emt 0:01:24]} Rhh8 {[%emt 0:04:12]} 25. Rd3 {[%emt 0:01:31]} Rhd8 {[%emt 0:02:30]} 26. Nd1 {[%emt 0:00:47]} Rxd3 {[%emt 0:06:15]} 27. Bxd3 {[%emt 0:00:16]} Nd7 {[%emt 0:01:32]} 28. Kf2 {[%emt 0:01:29]} Nc5 {[%emt 0:00:40]} 29. Be2 {[%emt 0:03:46]} Rd8 {[%emt 0:01:23]} 30. Ke3 {[%emt 0:02:16]} Rd4 {[%emt 0:02:31]} 31. b3 {[%emt 0:01:08]} f6 {[%emt 0:02:19]} 32. Nb2 $15 {[%emt 0:01:45]} Kd8 {[%emt 0:06:06]} 1/2-1/2

[Event "1. Bamberg-Open 2018"]
[Site "Bamberg"]
[Date "2018.05.12"]
[Round "6"]
[White "Thrish Karthik"]
[Black "Mazur, Stefan"]
[Result "1/2-1/2"]
[WhiteElo "1842"]
[BlackElo "2413"]
[Annotator "TA"]
[PlyCount "159"]
[EventDate "2018.??.??"]
[EventType "swiss"]
[EventCountry "GER"]
[SourceTitle "playchess.com"]
[Source "ChessBase"]
[SourceQuality "1"]

{[%evp 31,159,36,46,43,46,17,48,0,20,-45,-52,-49,-42,-47,-47,-49,0,0,0,0,8,-22,-29,-68,-41,-70,-63,-56,-51,-85,-45,-172,-172,-177,-179,-159,-156,-177,-94,-217,-110,-101,-111,-116,-91,-120,-78,-68,0,0,12,0,0,-89,-70,-65,-75,-61,-65,-66,-70,-71,-70,-68,-16,-48,-59,-59,0,-196,-199,-295,-202,-297,-288,-275,0,-208,-198,-719,-574,-531,0,0,0,0,0,0,0,-8,-8,-8,-8,-8,-8,-88,0,0,0,-1074,-8,-8,-8,-8,-8,-8,-8,-8,-8,-8,-8,-8,-8,-8,-8,-8,-8,-8,-8,-8,-8,-8,-8,-8,-8,-8,-8,-8,-8,-8]} 1. e4 e5 2. Nf3 Nc6 3. Bb5 a6 4. Ba4 Nf6 5. O-O Be7 6. Re1 b5 7. Bb3 d6 8. c3 Na5 {[%cal Bc6a5,Ba5b7,Bb7d8,Bd8f7][%mdl 32]} 9. Bc2 c5 10. h3 Qc7 11. d4 Bd7 12. d5 O-O 13. b3 Nb7 14. Nbd2 g6 15. Nf1 Nh5 16. Bh6 {C97: Closed Ruy Lopez: Chigorin Defence: 11 d4 Qc7, sidelines} Ng7 {LiveBook: 21 Games} 17. Ng3 (17. g4 f6 18. Ng3 Nd8 19. Kh2 Nf7 20. Be3 c4 21. Qd2 Ng5 22. Nxg5 fxg5 23. bxc4 Qxc4 {1-0 (40) Alekseev,E (2700)-Akopian,V (2694) Astrakhan 2010}) 17... f6 18. Qb1 $146 {White is slightly better.} ({Predecessor:} 18. Nd2 Nd8 19. Rf1 Nf7 20. Be3 Rae8 21. Qb1 {½-½ (46) Roj,M (2175)-Plesek,J (2155) Czechia 2006}) 18... Nd8 19. b4 a5 20. Rc1 (20. bxc5 $11 dxc5 21. a4) 20... Nf7 $15 21. Bd2 axb4 22. cxb4 Ra3 23. Bd1 c4 24. Rc3 Rxc3 25. Bxc3 Ra8 26. Qb2 Bd8 27. a3 Qa7 28. Qe2 Bb6 29. Ra2 Qc7 30. Ne1 h5 {[%cal Bh7h5,Bh5h4][%mdl 32]} 31. Qd2 (31. Nf3 $15) 31... h4 $19 32. Nf1 Ng5 33. Bf3 Qc8 34. Qc1 Kf7 (34... Nh5 $19 35. Bd2 Nxf3+ 36. Nxf3 Bxh3 $1 {[%mdl 512]} 37. gxh3 Qxh3) 35. Nh2 (35. Bd2 $17 {was forced.}) 35... Qh8 (35... Nh5 $19 {White must now prevent ...Ng3.} 36. Kh1 Nxf3 37. Nhxf3 g5) 36. Bd2 $17 Nxf3+ 37. Nexf3 Nh5 38. Nxh4 Ng3 39. Be3 Qxh4 ({Black should try} 39... Nxe4 $15 40. Nxg6 Qg7 41. Nxe5+ fxe5 42. Bxb6 Nf6) 40. fxg3 $11 Qg5 41. Nf1 f5 42. h4 (42. Qe1 $11 {keeps the balance.} Bxe3+ 43. Nxe3) 42... Bxe3+ $17 43. Qxe3 Qxe3+ 44. Nxe3 {[%mdl 4096] Endgame KRB-KRN} f4 $1 {[%cal Rf4e3]} 45. gxf4 exf4 46. Rf2 Rxa3 47. Rxf4+ Kg7 (47... Ke7 $15 48. Rf3 Rb3) 48. Rf3 Rb3 {[%mdl 1024] Black has compensation.} 49. Nc2 Bg4 (49... Rd3 $15) 50. Rf2 $2 (50. Rf4 $1 $11 Bd7 51. Nd4 Rxb4 52. Ne6+ Bxe6 53. dxe6) 50... Rd3 $1 $19 51. Kf1 (51. Rf1 {was called for.}) 51... Rd1+ 52. Ne1 Rb1 53. Rf4 Bd7 $2 (53... c3 $1 $19 {[%cal Rc3c2]} 54. Kf2 Bd1) 54. g4 $2 (54. Ke2 $1 $11 {and White is okay.}) 54... Rxb4 55. Nf3 $2 (55. Ke2) 55... c3 56. Ke2 c2 $2 (56... Rc4 $19 57. Ne1 b4) 57. Kd2 $11 Rc4 58. Kc1 b4 59. Nd2 $1 {[%cal Rd2c4]} Rc3 60. Rf3 Rxf3 61. Nxf3 Bxg4 {KB-KN} 62. Nd4 Bd1 63. Nb5 {[#]} Kf6 (63... b3 $1 $17 {Threatens to win with ...Bf3.} 64. Nxd6 Bf3) 64. Nxd6 Ke5 65. Nb5 $2 {[%mdl 8192] [#]} (65. Nc4+ $11 Kd4 66. d6) 65... Be2 $2 ({Black should play} 65... b3 $1 $19 66. d6 Bg4) 66. Na7 $1 {The position is equal.} b3 67. Nc6+ Kxe4 {( -> ...Kd3)} 68. d6 $1 $132 {[%cal Rd6d7][%mdl 2048] White is not keeping still} Bg4 69. Na5 $1 Ke5 70. Nxb3 Kxd6 {Strongly threatening ...Bf5.} 71. Kxc2 Ke5 72. Kd3 Kf4 73. Nd4 Kg3 74. Nc6 Kxh4 75. Ke3 Bd1 76. Ne5 g5 77. Nf7 g4 {And now ...g3 would win.} 78. Nh6 g3 {...Kh3 is the strong threat.} 79. Nf5+ Kh3 {[#] aiming for ...g2.} 80. Nxg3 $1 {[%mdl 512] Precision: White = 49%, Black = 59%.} 1/2-1/2